| 000 | 00651nam a22002057a 4500 | ||
|---|---|---|---|
| 999 |
_c17867 _d17867 |
||
| 003 | AR-CdUCM | ||
| 008 | 190510b ||||| |||| 00| 0 spa d | ||
| 040 |
_aMUNICIPALIDAD PROVINCIAL DEL CUSCO _cBIBLIOTECA MUNICIPAL DEL CUSCO |
||
| 082 |
_a108 / _bS75 |
||
| 100 |
_aSpinoza _916157 |
||
| 245 | _aÉtica / | ||
| 260 |
_aBuenos Aires / _bAguilar, _c1963. |
||
| 300 |
_a431 paginas ; _c16 cm. |
||
| 505 | _aDe dios -- De la naturaleza y del origen del alma -- De la potencia del entendimiento o de la libertad del hombre... | ||
| 650 |
_aEtica. _91337 |
||
| 650 |
_aFilosofia. _9395 |
||
| 650 |
_aDios. _91427 |
||
| 942 |
_2ddc _cLIBROS |
||
| 945 | _awfj | ||